000 00838nam a2200229 i 4500
003 DO-SdBNP
005 20231020091318.0
006 a||||gr|||| 00| 0
008 231019e2000 rd ao||| |||| 00| e spa d
040 _aDO-SdBNP
_bspa
_cBNPHU
_erda
082 4 _222
_bL865v
100 1 _aLora Salcedo, Radhamés,
_d1956-
_97849
_eautor
245 1 0 _aVision del futuro para administrar los recursos forestales y áreas protegidas. /
_cRadhames Lora Salcedo
264 1 _aSanto Domingo :`
_bAmingo del Hogar,
_c2000
300 _a214 páginas ;
_bIlustraciones, fotografías;
_c23 cm.
336 _2rdacontent
_atexto
_btxt
337 _2rdamedia
_asin mediación
_bn
338 _2rdacarrier
_avolumen
_bnc
500 _aIncluye datos biográficos del autor en las solapas de la cubierta.
590 _aInventariado 2023 / MF
942 _2ddc
_cLBS1
999 _c55207
_d55207